| 000 | 00910nam a2200217Ia 4500 | ||
|---|---|---|---|
| 008 | 0000001998 pn ad 0000000000mul00 | ||
| 090 | _aPSP00 K86e | ||
| 100 | 1 | _aKupfer, Mónica E. | |
| 245 | 1 | 0 |
_aEsplá _b: travesia, 1998 _c/ Mónica E. Kupfer ; fotos Carlos Guardia |
| 300 |
_a24 p. _c/ 22 cm. |
||
| 500 | _aExposición realizadaen Mateo Sariel Galería y Fundación Gabriel Lewis Galindo de Panamá en 1998 \ Incluye datos biográficos y cronología artística \ Texto en español e inglés \ Donación Galería Nueve Ochenta, Colombia 2014 | ||
| 600 | 0 | 0 |
_a ESPLá, IGNACIO, 1946/ _xTRABAJOS PICTORICOS |
| 650 | 1 | 4 | _a PINTURA ESPAÑOLA |
| 650 | 1 | 4 | _aARTISTAS PLASTICOS ESPAÑOLES |
| 650 | 1 | 4 | _xCATALOGOS |
| 650 | 1 | 4 | _xEXPOSICIONES |
| 650 | 1 | 4 | _aPINTORES ESPAÑOLES |
| 650 | 1 | 4 | _aPINTURA AL OLEO |
| 999 |
_c15371 _d15371 |
||
| 260 |
_aPanamá : Mateo Sariel Galería _c1998 |
||